| 000 | 00584cab a2200181 4500 | ||
|---|---|---|---|
| 001 | WB2611-19 | ||
| 008 | 090401t1990 xxu||||| |||| 00| 0 eng d | ||
| 035 | _a(Sirsi) u9716 | ||
| 041 | _aeng | ||
| 245 | _aShortage of rural housing | ||
| 260 | _c1990 | ||
| 350 | _a0 | ||
| 490 |
_aSunday Times _v11/3/90 pC11 (2) |
||
| 520 | _aA Rural Development Commission -funded study reveals that the shortage of rural housing , which local people can afford, is more acute than was thought, with at least 116 000 new homes needed. | ||
| 690 | _aHOUSING | ||
| 942 | _n0 | ||
| 948 | _c04/03/1997 | ||
| 999 |
_c6108 _d6108 |
||